书目信息 |
| 题名: |
自然保护生物学
|
|
| 作者: | 索莱 , 威尔考克斯 主编 ;萧前柱 译 | |
| 分册: | ||
| 出版信息: | 北京 中国林业出版社 1991.8 |
|
| 页数: | 417页 | |
| 开本: | 19cm | |
| 丛书名: | ||
| 单 册: | ||
| 中图分类: | X36 | |
| 科图分类: | ||
| 主题词: | 自然保护区--管理 , 自然保护区--生物生态学 | |
| 电子资源: | ||
| ISBN: | 7-5038-0596-X | |
| 000 | 01268nam0 2200313 450 | |
| 001 | 0100366708 | |
| 005 | 20110706172845.0 | |
| 010 | @a7-5038-0596-X@dCNY6.80 | |
| 011 | @a7-5038-0596-X | |
| 100 | @a20021005d1991 kemy0chiy0110 ea | |
| 101 | 1 | @achi@ceng |
| 102 | @aCN@b110000 | |
| 105 | @ay z 000yy | |
| 106 | @ar | |
| 200 | 1 | @a自然保护生物学@9Zi Ran Bao Hu Sheng Wu Xue @e进化生态学展望@f(美)索 莱(Soule,M.E.),(美)威尔考克斯(Wilcox,B.A.)主编@g萧前柱等译@b专著 |
| 210 | @a北京@c中国林业出版社@d1991.8 | |
| 215 | @a417页@d19cm | |
| 300 | @a书名原文:Conservation biology:An evolutionary ecological Perspective | |
| 300 | @a据美国西纽厄社1980年马萨诸塞州英文版译出 | |
| 330 | @a本书对自然保护区的规划和管理、濒危物种的拯救和管理、监禁繁殖珍贵动物的理论和实践、自然保护与开发利用的关系等内容作出了定性及定量方面的阐述。 | |
| 510 | 1 | @aConservation biology@eAn evolutionary ecological perspective@zeng |
| 606 | 0 | @a自然保护区@x管理 |
| 606 | 0 | @a自然保护区@x生物生态学 |
| 690 | @aX36@v三版 | |
| 701 | 0 | @c(美)@a索莱@c(Soule, Michael E.)@9suo lai@4主编 |
| 701 | 0 | @c(美)@a威尔考克斯@c(Wilcox, Bruce A.@f1948~)@9wei er kao ke si@4主编 |
| 702 | 0 | @a萧前柱@9xiao qian zhu@4译 |
| 801 | 0 | @aCN@bAiZhiMarc@c19920410 |
| 905 | @aBZT@dX36@e1@f1@sX36/1 | |
| 自然保护生物学:进化生态学展望/(美)索 莱(Soule,M.E.),(美)威尔考克斯(Wilcox,B.A.)主编/萧前柱等译.-北京:中国林业出版社,1991.8 |
| 417页;19cm |
| 书名原文:Conservation biology:An evolutionary ecological Perspective.-据美国西纽厄社1980年马萨诸塞州英文版译出 |
| ISBN 7-5038-0596-X:CNY6.80 |
| 本书对自然保护区的规划和管理、濒危物种的拯救和管理、监禁繁殖珍贵动物的理论和实践、自然保护与开发利用的关系等内容作出了定性及定量方面的阐述。 |
| ● |
| 相关链接 |
|
|
|
正题名:自然保护生物学
索取号:X36/1
 
预约/预借
| 序号 | 登录号 | 条形码 | 馆藏地/架位号 | 状态 | 备注 |
| 1 | 2000112401 | 2000112401 | 旧书回溯/ [索取号:X36/1] | 在馆 |